Principles of design in architecture /

Bibliographic Details
Main Author: Smithies, K. W.
Other Authors: Tompkins, Steve
Format: Book
Language:English
Published: New York : Van Nostrand Reinhold, 1981.
Subjects:

MARC

Tag First Indicator Second Indicator Subfields
LEADER 00000pam a2200000 a 4500
001 in00000069531
005 20151008054500.0
008 810225s1981 nyua b 00110 eng
010 |a  81002278  
020 |a 0442304412 
020 |a 0442304420 (pbk.) 
035 |a (OCoLC)07277345 
035 |9 AAJ0794AM 
039 0 |a 2  |b 3  |c 3  |d 3  |e 3 
040 |a DLC  |c DLC  |d TXA  |d UtOrBLW 
049 |a TXAM  |c [1672321] 
050 0 0 |a NA2750  |b .S58 
082 0 |a 729  |2 19 
100 1 |a Smithies, K. W. 
245 1 0 |a Principles of design in architecture /  |c K.W. Smithies ; with drawings by Steve Tompkins. 
264 1 |a New York :  |b Van Nostrand Reinhold,  |c 1981. 
300 |a vi, 88 pages :  |b illustrations ;  |c 22 x 31 cm. 
336 |a text  |b txt  |2 rdacontent 
337 |a unmediated  |b n  |2 rdamedia 
338 |a volume  |b nc  |2 rdacarrier 
500 |a Includes indexes. 
504 |a Bibliography: page 86. 
650 0 |a Architectural design. 
700 1 |a Tompkins, Steve. 
999 |a MARS 
999 f f |s 4c0be54a-7b93-3657-963b-b60df4fe68c1  |i 55087302-a595-3e4d-9695-7d08fbcf39ac  |t 0 
952 f f |p ric  |a Texas A&M University  |b Rellis Campus  |c Joint Library Facility  |d Remote Storage  |t 0  |e NA2750 .S58  |h Library of Congress classification  |i unmediated -- volume  |m A14806168269 
998 f f |a NA2750 .S58  |t 0  |l Remote Storage